Biggest Cities in the United States in 2000 - Statistics

General Stats
  • This quiz has been taken 8 times
  • The average score is 67 of 100
Answer Stats
Population State City % Correct
416,474 GA Atlanta
100%
656,562 TX Austin
100%
651,154 MD Baltimore
100%
589,141 MA Boston
100%
2,896,016 IL Chicago
100%
478,403 OH Cleveland
100%
711,470 OH Columbus
100%
1,188,580 TX Dallas
100%
554,636 CO Denver
100%
951,270 MI Detroit
100%
563,662 TX El Paso
100%
1,953,631 TX Houston
100%
791,926 IN Indianapolis
100%
735,617 FL Jacksonville
100%
441,545 MO Kansas City
100%
478,434 NV Las Vegas
100%
3,694,820 CA Los Angeles
100%
650,100 TN Memphis
100%
362,470 FL Miami
100%
596,974 WI Milwaukee
100%
569,891 TN Nashville
100%
8,008,278 NY New York
100%
1,517,550 PA Philadelphia
100%
1,321,045 AZ Phoenix
100%
334,563 PA Pittsburgh
100%
529,121 OR Portland
100%
1,223,400 CA San Diego
100%
776,733 CA San Francisco
100%
563,374 WA Seattle
100%
303,447 FL Tampa
100%
572,059 DC Washington
100%
332,969 TX Arlington
83%
198,682 IA Des Moines
83%
534,694 TX Fort Worth
83%
427,662 CA Fresno
83%
484,674 LA New Orleans
83%
506,132 OK Oklahoma City
83%
407,018 CA Sacramento
83%
1,144,646 TX San Antonio
83%
894,943 CA San Jose
83%
393,049 OK Tulsa
83%
448,607 NM Albuquerque
67%
328,014 CA Anaheim
67%
260,283 AK Anchorage
67%
292,648 NY Buffalo
67%
540,828 NC Charlotte
67%
360,890 CO Colorado Springs
67%
371,657 HI Honolulu
67%
461,522 CA Long Beach
67%
256,231 KY Louisville
67%
208,054 WI Madison
67%
396,375 AZ Mesa
67%
382,618 MN Minneapolis
67%
399,484 CA Oakland
67%
390,007 NE Omaha
67%
197,790 VA Richmond
67%
287,151 MN Saint Paul
67%
348,189 MO St. Louis
67%
486,699 AZ Tucson
67%
247,057 CA Bakersfield
50%
227,818 LA Baton Rouge
50%
242,820 AL Birmingham
50%
331,285 OH Cincinnati
50%
218,812 AZ Glendale
50%
194,973 CA Glendale
50%
197,800 MI Grand Rapids
50%
240,055 NJ Jersey City
50%
260,512 KY Lexington
50%
225,581 NE Lincoln
50%
273,546 NJ Newark
50%
234,403 VA Norfolk
50%
276,093 NC Raleigh
50%
421,958 PR San Juan
50%
337,977 CA Santa Ana
50%
202,705 AZ Scottsdale
50%
248,232 FL St. Petersburg
50%
425,257 VA Virginia Beach
50%
344,284 KS Wichita
50%
217,074 OH Akron
33%
1999,775 GA Augusta
33%
276,393 CO Aurora
33%
199,184 VA Chesapeake
33%
277,454 TX Corpus Christi
33%
205,727 IN Fort Wayne
33%
223,891 NC Greensboro
33%
198,915 AL Mobile
33%
201,568 AL Montgomery
33%
255,166 CA Riverside
33%
219,773 NY Rochester
33%
195,629 WA Spokane
33%
313,619 OH Toledo
33%
196,086 NY Yonkers
33%
203,413 CA Fremont
17%
215,768 TX Garland
17%
226,419 FL Hialeah
17%
199,564 TX Lubbock
17%
222,030 TX Plano
17%
200,145 LA Shreveport
17%
203,499 PR Bayamon
0%
243,771 CA Stockton
0%
No matching quizzes found
Score Distribution
Percent of People with Each Score
Percentile by Number Answered
Your Score History
You have not taken this quiz